| 000 | 00933nam a2200241 i 4500 | ||
|---|---|---|---|
| 001 | bg | ||
| 245 | 0 | 0 |
_aProsody 2000 : _bspeech recognition and synthesis, 2-5 October 2000 Kraków, Poland / _ced. by Stanisław Puppel and Grażyna Demenko ; Adam Mickiewicz University. Faculty of Modern Languages and Literature. |
| 260 |
_aPoznań : _bWydział Neofilologii Uniwersytetu im. Adama Mickiewicza : _b"Motivex", _c2001. |
||
| 300 |
_aV, [3], 283 s. : _bil. ; _c24 cm. |
||
| 504 | _aBibliogr. przy ref. | ||
| 650 | 9 | _aProzodia | |
| 655 | _aMateriały konferencyjne | ||
| 700 | 1 |
_aPUPPEL, Stanisław. _eRed. |
|
| 700 | 1 |
_aDEMENKO, Grażyna. _eRed. |
|
| 710 | 0 |
_aUniwersytet im. Adama Mickiewicza (Poznań) _bWydział Neofilologii |
|
| 020 | _a8387314269 ("Motivex") | ||
| 040 | _cBPK | ||
| 041 | 0 | _aeng | |
| 080 | _a801.6(061) | ||
| 920 | _a83-87314-26-9 ("Motivex") | ||
| 942 | _cKS | ||
| 008 | s pl f |000 0 pol | ||
| 999 |
_c44051 _d44051 |
||
| 856 |
_uhttp://koha.tu.koszalin.pl/cgi-bin/koha/opac-detail.pl?biblionumber=44051 _yKatalog online BPK |
||